MARC

LEADER 00000nam0a2200000 4500
001 312332
005 20231102002457.0
010 |b 5100 
035 |a (RuTPU)RU\TPU\book\337700 
090 |a 312332 
100 |a 20151219d m y0rusy50 ca 
101 0 |a rus 
102 |a RU 
105 |a a j 001zy 
200 1 |a Тепловой процесс паровоза  |e лекции, читанные в Московском институте инженеров транспорта  |f С. П. Сыромятников 
210 |a Москва  |c Государственное техническое изд-во  |c Типо-литография "Красный печатник" Гостехиздата  |d 1926 
215 |a 260 с.  |c с 197 чертежами в тексте; табл. 
225 1 |a Инженерно-промышленная библиотека  |h Б. Серия 4. № VIII-3 
300 |a Без разрешения Гостехиздата перепечатка не допускается 
316 |5 63413507: М-132518  |a На обложке и титульном листе владельческая подпись: "Бутаков" 
317 |5 63413507: М-132518  |a Поступила в НТБ в 1970 г. в составе книжного собрания профессора ТПИ И. Н. Бутакова 
320 |a Приложения 
606 1 |a Паровые котлы  |2 stltpush  |3 (RuTPU)RU\TPU\subj\71412  |9 85333 
610 1 |a паровозы 
610 1 |a паровозные котлы 
610 1 |a паровые котлы 
610 1 |a паровые машины 
610 1 |a тепловой процесс 
610 1 |a тепловой расчет 
610 1 |a пароперегреватели 
610 1 |a подогреватели 
610 1 |a пар 
610 1 |a лекции 
610 1 |a владельческая надпись 
610 1 |a библиотека И. Н. Бутакова 
675 |a 621.181(075)  |v 4 
700 1 |a Сыромятников  |b С. П.  |c инженер-теплотехник  |c ученый в области паровозостроения  |c академик АН СССР  |c заслуженный деятель науки и техники РСФСР  |f 1891-1951  |g Сергей Петрович  |2 stltpush  |3 (RuTPU)RU\TPU\pers\35945 
801 1 |a RU  |b 63413507  |c 20151219 
801 2 |a RU  |b 63413507  |c 20190731  |g RCR 
942 |c BK